| 000 | 00653nas a2200217 4500 | ||
|---|---|---|---|
| 001 | BR4800165 | ||
| 003 | BR-BrBNA | ||
| 005 | 20231205081903.0 | ||
| 007 | ta | ||
| 008 | 230509b bl.|||p| |||| 00| 00por d | ||
| 040 |
_aBR-BrBNA _bpor _cBiblioteca Nacional de Agricultura |
||
| 041 | _a(Pt) | ||
| 072 | _aF00 | ||
| 100 | 1 | _aAlvim-Carneiro, P. de T. | |
| 245 | 1 | _aVernalizacao de plantas horticolas (uma revisao de literatura) | |
| 650 | _aHORTALICA | ||
| 650 | _aVERNALIZACAO | ||
| 773 | 0 |
_tRevista Ceres (Brazil) _xISSN 0034-737X _g(Jan-May 1948), v. 7(41) p. 297-320 _wBR4800165 |
|
| 909 |
_a202311 _bLúcia _c55 _dLúcia Elande |
||
| 942 |
_2AGRIS _n0 _cANA |
||
| 999 |
_c87574 _d87574 |
||